000 00704nam a2200217 a 4500
005 20240315063733.0
008 020827s1987 mx r 000 0 spa d
020 _a9688600717
035 _aUPN01000118639
049 _aCG
050 4 _aRM719
_bP3.48
100 1 _aPainter, Jack
245 1 0 _aIntegración postural /
_cJack Painter ; tr. Mercedes Solé.
260 _aMéxico :
_bPax-México,
_cc1987.
300 _a207 p. :
_bil.
500 _aSubtítulo de la cubierta: Cómo liberar tensiones físicas y emocionales trabajando con un masaje profundo
534 _pTraducción de:
_tDeep bodywork and personal development
650 4 _aMasaje
_915324
650 4 _aFISIOTERAPIA
905 _aLibro
999 _c91005
_d91005